La prueba en el proceso penal oral

में बचाया:
ग्रंथसूची विवरण
मुख्य लेखक: Paillas Peña, Enrique (autor)
स्वरूप: पुस्तक
भाषा:स्पेनिश
प्रकाशित: Santiago ConoSur 2002
विषय:
टैग: टैग जोड़ें
कोई टैग नहीं, इस रिकॉर्ड को टैग करने वाले पहले व्यक्ति बनें!

MARC

LEADER 00000nam a2200000 a 4500
001 UCM2905
003 CL-VaPUC
008 020621e20020100CL |||||||||||||||||spa|d
082 0 4 |a 345.8306  |b PAI  |2 21 
100 |a Paillas Peña, Enrique  |e autor  |9 768803 
245 1 3 |a La prueba en el proceso penal oral 
300 |a 175 p 
942 |c BK 
945 |d 20020621 00:00:00  |a vberengu 
260 |a Santiago  |b ConoSur  |c 2002 
650 7 |a DERECHO PENAL  |2 CL-VaPUC  |9 11 
650 0 |a Prueba  |9 256247 
650 7 |a CONFESION  |2 CL-VaPUC  |9 314483 
650 7 |a TESTIGOS  |2 CL-VaPUC  |9 469621 
650 7 |a PRUEBA DOCUMENTAL  |2 CL-VaPUC  |9 370021 
650 7 |a TESTIMONIO  |2 CL-VaPUC  |9 334045 
651 7 |a CHILE  |2 CL-VaPUC  |9 469622 
583 |a last modification  |c 20020621 00:00:00  |k Rodrigo Vera 
999 |c 300521  |d 300519 
952 |0 0  |1 0  |4 0  |6 345_830600000000000_PAI_2002  |7 0  |8 A  |9 358382  |a BIBDER  |b BIBDER  |d 2019-11-21  |i 3822079  |o 345.8306 PAI 2002  |p 3822079  |r 2023-01-25  |w 2019-11-21  |y BK  |k DER